000 00374cam a2200157ua 4500
041 _aeng
_h
082 _a828.09
_bGRI/SW
100 _aGrierson, H J C .
245 _aSwinburne /
_cH J C Grierson.
_hTextual Documents
250 _a1 /
_b.
260 _aLondon :
_bLongman Green and Co ,
_c1953.
300 _a32 ; .
504 _a
942 _cBK
999 _c6995
_d6995